<?xml version="1.0" encoding="UTF-8"?>
<marc:record xmlns:marc="http://www.loc.gov/MARC21/slim">
   <marc:leader>00000nam a2200000 a 4500</marc:leader>
   <marc:datafield ind1="1" ind2=" " tag="100">
      <marc:subfield code="a">Piknová Droppová, Lucia</marc:subfield>
      <marc:subfield code="4">aut</marc:subfield>
      <marc:subfield code="e">Verfasser/-in</marc:subfield>
   </marc:datafield>
   <marc:datafield ind1=" " ind2=" " tag="653">
      <marc:subfield code="a">Kinderbuch</marc:subfield>
   </marc:datafield>
   <marc:datafield ind1="0" ind2="0" tag="245">
      <marc:subfield code="a">O veľkých dobrodružstvách malého škrečka</marc:subfield>
   </marc:datafield>
   <marc:datafield ind1="0" ind2="0" tag="245">
      <marc:subfield code="b">Kinderbuch</marc:subfield>
   </marc:datafield>
   <marc:datafield ind1="0" ind2="0" tag="245">
      <marc:subfield code="c">Piknová Droppová, Lucia</marc:subfield>
   </marc:datafield>
   <marc:datafield ind1=" " ind2="1" tag="264">
      <marc:subfield code="a">Bratislava</marc:subfield>
      <marc:subfield code="b">Slovart, spol.s.r.o.</marc:subfield>
      <marc:subfield code="c">2025</marc:subfield>
   </marc:datafield>
   <marc:datafield ind1=" " ind2=" " tag="250">
      <marc:subfield code="a">Prvé vydanie</marc:subfield>
   </marc:datafield>
   <marc:datafield ind1="1" ind2=" " tag="520">
      <marc:subfield code="a">Keď sa malému čierno-bielemu škrečkovi menom Ham podarí uniknúť z klietky, ocitne sa v neznámom svete, ktorý je síce nebezpečný, no plný úžasných príležitostí. Špajza sa mu zdá ako najkrajšie miesto na svete, preto sa rozhodne, že tam prežije celý život. Čoskoro sa mu však do útočiska plného jedla nasťahujú myšky a tie teda len tak neodídu! Našťastie jeho najlepší kamarát kocúr je vždy pripravený pomôcť a vyhnať nepozvaných hostí. Škrečok a kocúr prežívajú množstvo veselých dobrodružstiev - pátrajú po zlodejovi vajíčok alebo zachraňujú myšku, čo sa prejedla na hostine. Keď sa škrečok rozhodne vyraziť na cestu na krídlach dážďovníka, aby našiel svoju rodinu, je jasné, že priateľstvo, dobro a odvaha nakoniec zvíťazia.</marc:subfield>
   </marc:datafield>
   <marc:datafield ind1=" " ind2=" " tag="020">
      <marc:subfield code="a">9788055666402</marc:subfield>
      <marc:subfield code="9">9788055666402</marc:subfield>
   </marc:datafield>
   <marc:datafield ind1=" " ind2=" " tag="338">
      <marc:subfield code="a">Band</marc:subfield>
   </marc:datafield>
   <marc:datafield ind1=" " ind2=" " tag="300">
      <marc:subfield code="a">108 Seiten</marc:subfield>
   </marc:datafield>
</marc:record>
